00273nam a22000977a 4500008004100000082001500041100001800056245003200074260005400106999001500160151104b xxu||||| |||| 00| 0 eng d a323.32 SHI aSHIVJI, ISSA  aCLASS STRUGGLES IN TANZANIA aDAR ES SALAAM:bTANZANIA PUBLISHING HOUSE,c1975. c3913d3913